000 00315nam a22001337a 4500
008 170627b xxu||||| |||| 00| 0 eng d
020 _a9780130452948
041 _aeng
080 _a32
100 _a21
101 _aSHP
245 _aREADING AND WRITING IN THE ACADEMIC COMMUNITY
_cKENNEDY,M.L
942 _2udc
_cBK
999 _c19133
_d19133